| 000 | 00526nam a2200181Ia 4500 | ||
|---|---|---|---|
| 999 |
_c30026 _d30026 |
||
| 003 | OSt | ||
| 005 | 20260101163002.0 | ||
| 008 | 250310s9999||||xx |||||||||||||| ||und|| | ||
| 040 |
_beng _cIMU-KC |
||
| 082 |
_a797.21 _bS6351 |
||
| 100 |
_96424 _aSmale,Richard |
||
| 245 | 0 |
_aSwimming / _bLearn Your Swimming From Photographs _cBy Richard Smale. |
|
| 250 | _a2nd ed. | ||
| 260 |
_aLondon : _bJohn Murray Publishers Ltd., _c1953. |
||
| 300 |
_a86 p. _billustration |
||
| 700 |
_96426 _aBarlee,John _ePhotographer |
||
| 942 |
_cBK _2ddc |
||